Developing successful global strategies for marketing luxury brands
"This book presents the most relevant upgraded theoretical frameworks and empirical research about the marketing of luxury goods, offering contributions focused on contemporary issues affecting luxury industries such as digital transformation, sustainable development, changes in luxury consumer...
Saved in:
| Other Authors | , , |
|---|---|
| Format | Electronic eBook |
| Language | English |
| Published |
Hershey, PA :
Business Science Reference, an imprint of IGI Global,
[2021]
|
| Series | Advances in marketing, customer relationship management, and e-services (AMCRMES) book series.
|
| Subjects | |
| Online Access | Full text |
| ISBN | 9781799858836 9781799858843 9781799858829 9781799868576 |
| Physical Description | 1 online zdroj (xxiii, 351 stran) : ilustrace. |
Cover
| LEADER | 00000nam a2200000 i 4500 | ||
|---|---|---|---|
| 001 | 115492 | ||
| 003 | CZ-ZlUTB | ||
| 005 | 20260416143926.0 | ||
| 006 | m o d | ||
| 007 | cr ||||||||||| | ||
| 008 | 201106s2021 paua ob 001 0 eng | ||
| 040 | |a EBZ |b eng |c EBZ |e rda | ||
| 020 | |a 9781799858836 |q (electronic book) | ||
| 020 | |a 9781799858843 |q (electronic bk.) | ||
| 020 | |z 9781799858829 |q (hardcover) | ||
| 020 | |z 9781799868576 |q (paperback) | ||
| 042 | |a pcc | ||
| 245 | 0 | 0 | |a Developing successful global strategies for marketing luxury brands / |c Fabrizio Mosca, Cecilia Casalegno, Rosalia Gallo. |
| 264 | 1 | |a Hershey, PA : |b Business Science Reference, an imprint of IGI Global, |c [2021] | |
| 300 | |a 1 online zdroj (xxiii, 351 stran) : |b ilustrace. | ||
| 336 | |a text |b txt |2 rdacontent | ||
| 337 | |a počítač |b c |2 rdamedia | ||
| 338 | |a online zdroj |b cr |2 rdacarrier | ||
| 490 | 1 | |a Advances in marketing, customer relationship management, and e-services (AMCRMES) book series | |
| 500 | |a "Premier Reference Source" -- taken from front cover. | ||
| 504 | |a Obsahuje bibliografické odkazy a index. | ||
| 506 | |a Plný text je dostupný pouze z IP adres počítačů Univerzity Tomáše Bati ve Zlíně nebo vzdáleným přístupem pro zaměstnance a studenty | ||
| 520 | |a "This book presents the most relevant upgraded theoretical frameworks and empirical research about the marketing of luxury goods, offering contributions focused on contemporary issues affecting luxury industries such as digital transformation, sustainable development, changes in luxury consumers' behavior, integration between physical and online channels, and the development of social media marketing strategies"-- |c Provided by publisher. | ||
| 588 | |a Description based on online resource; title from digital title page (viewed on March 17, 2021). | ||
| 505 | 0 | |a Section 1. Managing global luxury brands in the era of digitalisation. Chapter 1. The evolution of distribution in the luxury sector: from single to omni-channel ; Chapter 2. Omnichannel shopping experiences for fast fashion and luxury brands: an exploratory study ; Chapter 3. Examining the integration of virtual and physical platforms from luxury brand managers' perspectives ; Chapter 4. Managing integrated brand communication strategies in the online era: new marketing frontiers for luxury goods ; Chapter 5. Investigating the impact of luxury brands' traditional and digital contents on customer-based brand equity ; Chapter 6. When luxury brands changed their approach to social media ; Chapter 7. Innovating luxury service experiences through e-servicescapes ; Chapter 8. Pivots in the luxury business: discovering the new luxury consumer through social data ; Chapter 9. Luxury brands and strategic management accounting -- Section 2. Sustainable development in the luxury industry. Chapter 10. Is luxury compatible with corporate social responsibility (CSR)?: models for sustainable marketing strategies ; Chapter 11. Upcycled vs. recycled products by luxury brands: status and environmental concern motives -- Section 3. New trends in consumer behaviour. Chapter 12. Generations' attitudes and behaviours in the luxury sector ; Chapter 13. There is no such thing as the millennial: a cross-cultural analysis of luxury and prestige perception among young people in Switzerland and South Korea ; Chapter 14. Designing luxurious food experiences for millennials and post-millennials ; Chapter 15. Influence of celebrity endorsement on mature female luxury cosmetic consumers. | |
| 650 | 0 | |a Luxury goods industry. | |
| 650 | 0 | |a Luxuries |x Marketing. | |
| 655 | 7 | |a elektronické knihy |7 fd186907 |2 czenas | |
| 655 | 9 | |a electronic books |2 eczenas | |
| 700 | 1 | |a Mosca, Fabrizio, |e editor. | |
| 700 | 1 | |a Casalegno, Cecilia, |d 1979- |e editor. | |
| 700 | 1 | |a Gallo-Martinez, Rosalia, |d 1964- |e editor. | |
| 776 | 0 | 8 | |i Print version: |t Developing successful global strategies for marketing luxury brands |d Hershey, PA : Business Science Reference, [2021] |z 9781799858829 |w (DLC) 2020048962 |
| 830 | 0 | |a Advances in marketing, customer relationship management, and e-services (AMCRMES) book series. | |
| 856 | 4 | 0 | |u https://search.ebscohost.com/login.aspx?direct=true&scope=site&db=nlebk&db=nlabk&AN=2893867&authtype=ip,shib&custid=s3936755 |
| 992 | |c EBOOK-TN |c EBSCO | ||
| 993 | |x NEPOSILAT |y EIZ | ||
| 999 | |c 115492 |d 115492 | ||